000 03770nam1a22004211 4500
001 RU\NLR\A1\24904
005 20251203152403.2
035 _a(NLR Aleph) 009679228
090 _a9695124
_c9695124
100 _a20260119 rusy50
101 0 _arus
102 _aRU
200 1 _aСписок гусарскаго копейнаго рейтарскаго и салдатскаго строю полковником подполковником и иных нижных чинов начальным людям руським,
_eС кормовыми их месячными оклады, и с их службами,
_fСочинен в 7204/1696 году в Иноземском приказе при сиденье думнаго дьяка Автамона Ивановича Иванова с товарищы
210 _aКострома
_cТип. Н.Суморокова
_d1793-1794
215 _d
321 1 _aСК XVIII 6759
463 0 _1001RU\NLR\A1\24905
_913475586
_d1793
_p[9], 33, [5], 48, [1] с., 1 л. табл.
_tСписок гусарскаго копейнаго рейтарскаго и салдатскаго строю полковником подполковником и иных нижных чинов начальным людям руським,. - Ч.1
_uhttp://vivaldi.nlr.ru/ab000000447/view
463 0 _1001RU\NLR\A1\24906
_913475587
_d1793
_p100, [2] с., 1 л. табл.
_tСписок гусарскаго копейнаго рейтарскаго и салдатскаго строю полковником подполковником и иных нижных чинов начальным людям руським,. - Ч.2
_uhttp://vivaldi.nlr.ru/ab000000573/view
463 0 _1001RU\NLR\A1\24907
_913475588
_d1793
_p184, [2] с., 1 л. табл.
_tСписок гусарскаго копейнаго рейтарскаго и салдатскаго строю полковником подполковником и иных нижных чинов начальным людям руським,. - Ч.3
_uhttp://vivaldi.nlr.ru/ab000000448/view
463 0 _1001RU\NLR\A1\24908
_913475589
_d1793
_p1-264, 275-282 [=272], [2] с., 1 л. табл.
_tСписок гусарскаго копейнаго рейтарскаго и салдатскаго строю полковником подполковником и иных нижных чинов начальным людям руським,. - Ч.4
_uhttp://vivaldi.nlr.ru/ab000000441/view
463 0 _1001RU\NLR\A1\24909
_913475590
_d1794
_p160 с.
_tСписок гусарскаго копейнаго рейтарскаго и салдатскаго строю полковником подполковником и иных нижных чинов начальным людям руським,. - Ч.5
_uhttp://vivaldi.nlr.ru/ab000000442/view
518 1 _aСписок гусарского копейного рейтарского и солдатского строю полковником подполковником и иных нижных чинов начальным людям русским
620 _dКострома
702 1 _6z02790
_aИванов
_bА.И.
_gАвтоном Иванович
_4070
702 1 _6z01790
_aСумароков
_bН.Н.
_f1765-1812
_gНикита Николаевич
_4610
712 0 0 _aСумароков
_gН.Н.
_hТипография
_cКострома
_4610
790 1 _6z01702
_aСумороков
_bН.
790 1 _6z02702
_aИванов
_bА.И.
_gАвтамон Иванович
801 0 _aRU
_bNLR
_c19981217
852 _aNLR
_j18.340/136-1-2
899 _aРГБ
899 _aБАН
899 _aМГУ
899 _aГПИБ
942 _cBOOK
980 _aNB
980 _aA1XVIIIv